Father lyrics- Kanye West (Bully) - Statistics

General Stats
  • This quiz has been taken 39 times
  • The average score is 163 of 254
Answer Stats
Answer % Correct
a
96%
F
96%
the
91%
you
87%
You
87%
coat,
83%
me
83%
See
83%
see
83%
this
83%
to
83%
(Father
78%
Father)
78%
new
78%
an
74%
And
74%
and
74%
back
74%
Back
74%
Back,
74%
back,
74%
be
74%
been
74%
Bye-bye
74%
Epi-Pen
74%
I
74%
my
74%
no
74%
Now
74%
now
74%
old
74%
self
74%
up
74%
up!
74%
us
74%
used
74%
Used
74%
Wake
74%
where
74%
wonder
74%
I'm
70%
kicks,
70%
life
70%
like
70%
Newsweek
70%
nigga?
70%
on
70%
these
70%
Worldstar
70%
hang
65%
making
65%
9
61%
he
61%
in
61%
it
61%
it,
61%
love
61%
she
61%
She
61%
bought
57%
But
57%
check
57%
good,
57%
good
57%
good)
57%
is
57%
Know
57%
out,
57%
streets
57%
then
57%
two
57%
Drive
52%
feel
52%
goin'
52%
hard
52%
King
52%
look
52%
make
52%
movie
52%
sing
52%
skin
52%
smell
52%
still
52%
again
48%
crack
48%
leopard
48%
syringe
48%
at
43%
Grove
43%
right
43%
Yeah,
43%
bad,
39%
Cottage
39%
Help
39%
it's
39%
More
39%
Oakleys
39%
steps
39%
than
39%
vision
39%
Beach
35%
breakin'
35%
Made
35%
off
35%
Turn
35%
wonderin'
35%
7
30%
Luther
30%
some
30%
star
30%
trapped
30%
Bend
26%
bend
26%
booby
26%
checks
26%
for
26%
live
26%
lone
26%
Malibu
26%
tickets,
26%
Wakin'
26%
Always
22%
rafflin'
22%
'Cause
17%
VLIVE
17%
lucies
13%
mil'
13%
Gettin'
9%
team
4%
No matching quizzes found
Score Distribution
Percent of People with Each Score
Percentile by Number Answered
Your Score History
You have not taken this quiz